00840nam a22001697a 4500999001700000100007100017245011700088260002700205300000900232650004400241700003600285856003200321942001100353952010200364952010200466952010200568 c67414d67411 aImran Khana17-16MCEM05aSupervisor - Prof.Dr. Daddan Khan Bangwar aInvestigating the Effect of Underground Water on Mechanical and Durability Properties of Brick Kiln Ash Concrete aNawabshahbQuestc2021 a42p. aConstruction Engineering and Management aDeparment of Civil Engineering  uhttp://tinyurl.com/ycxpztuv cTHESIS 00104070aRESEARCHbRESEARCHd2022-01-12l0pMP/72-957r2022-01-12 00:00:00w2022-01-12yTHESIS 00104070aRESEARCHbRESEARCHd2022-01-12l0pMP/72-958r2022-01-12 00:00:00w2022-01-12yTHESIS 00104070aRESEARCHbRESEARCHd2022-01-12l0pMP/72-959r2022-01-12 00:00:00w2022-01-12yTHESIS